000 00712nam a2200217 a 4500
001 BRCA_5462
005 20190320205105.0
008 770922s1942 nyu#######---#000-0#eng-#
041 _aengspa
044 _anyu
050 4 _aPQ6366
_b.P64 1942
130 0 _aCrónica rimada del Cid
_913953
245 1 0 _aPoem of the Cid
_breprinted from the unique manuscript at Madrid
_cwith translation and notes by Archer M. Huntington, M. A.
260 _aNueva York
_bThe Hispanic Society of America
_c1942
300 _a1 v. sin paginación
_c22 cm.
500 _aM42
650 1 4 _aCid
_xRomances
_y1043-1099
_913954
700 1 _aHuntington, Archer A
_d1870-1955
_qArcher Milton
_913955
902 _aGFM
942 _2lcc
_cB
999 _c5156
_d5156